000 00397nam a2200145Ia 4500
008 220204s9999 xx 000 0 und d
082 _a581.2(595)
_bTHO
100 _aJOHNSTON, A
245 0 _aHost list of plant diseases in Malaya
260 _aMalaya
_bDept of Agriculture
_c1953
490 _aMycological papers; 52
650 _aMalayan plant disease
700 _aTHOMPSON, A
942 _cBK
999 _c21273
_d21273